[Event "Olympiad Women-43"]
[Site "Batumi"]
[Date "2018.09.30"]
[Round "6.71"]
[White "Ayiku, Angela Naa Amerley"]
[Black "Almeraj, Etedal"]
[Result "1-0"]
[WhiteElo "1439"]
[BlackElo "1062"]
[PlyCount "69"]
[EventDate "2018.09.24"]
[EventType "team-swiss"]
[EventRounds "11"]
[EventCountry "GEO"]
[SourceTitle "EXT 2020"]
[Source "ChessBase"]
[SourceDate "2019.10.17"]
[SourceVersion "1"]
[SourceVersionDate "2019.10.17"]
[SourceQuality "1"]
[WhiteTeam "Ghana (W)"]
[BlackTeam "Kuwait (W)"]
[WhiteTeamCountry "GHA"]
[BlackTeamCountry "KUW"]

1. e4 e5 2. Nf3 Nc6 3. Bb5 Bc5 4. 0-0 Nf6 5. d3 0-0 6. Bg5 d6 7. h3 Be6 8. Nc3 a6 9. Bxc6 bxc6 10. Re1 a5 11. d4 exd4 12. Nxd4 Bd7 13. Nf3 Qe7 14. e5 dxe5 15. Nxe5 Qe6 16. Nxd7 Qxd7 17. Bxf6 Qf5 18. Bh4 Rad8 19. Bxd8 Bxf2+ 20. Kh1 Bxe1 21. Bxc7 Re8 22. Qd3 Qg5 23. Qd7 Qe3 24. Bf4 Qe7 25. Qxe7 Rxe7 26. Rd1 g6 27. Bh6 Re8 28. Ne4 Bb4 29. Nf6+ Kh8 30. Nxe8 Be7 31. Rd7 Bf8 32. Bxf8 h5 33. Nf6 g5 34. Rd8 g4 35. Bh6# 1-0

[Event "Kuwait Fischer Cup"]
[Site "Kuwait"]
[Date "2016.10.15"]
[Round "5"]
[White "Almeraj, Etedal"]
[Black "Khalid, Abu Warda"]
[Result "0-1"]
[WhiteElo "1069"]
[BlackElo "1650"]
[PlyCount "34"]
[EventDate "2016.10.13"]
[EventType "swiss"]
[EventRounds "9"]
[EventCountry "KUW"]
[SourceTitle "EXT 2018"]
[Source "ChessBase"]
[SourceDate "2017.10.13"]
[SourceVersion "1"]
[SourceVersionDate "2017.10.13"]
[SourceQuality "1"]

1. e4 e5 2. Nf3 Nc6 3. Bc4 Nf6 4. a3 Bc5 5. Nc3 d6 6. d3 a6 7. Bg5 h6 8. Bh4 Bg4 9. 0-0 Nd4 10. h3 Bxf3 11. gxf3 g5 12. Bg3 Nh5 13. Bh2 c6 14. Ne2 Nxf3+ 15. Kg2 Qf6 16. Rh1 Nh4+ 17. Kf1 Qxf2# 0-1

[Event "Olympiad Women-42"]
[Site "Baku"]
[Date "2016.09.13"]
[Round "11.1"]
[White "Almeraj, Etedal"]
[Black "Begum, Ghazala"]
[Result "0-1"]
[WhiteElo "1072"]
[BlackElo "1668"]
[PlyCount "62"]
[EventDate "2016.09.02"]
[EventType "team-swiss"]
[EventRounds "11"]
[EventCountry "AZE"]
[SourceTitle "CBM 174 Extra"]
[Source "ChessBase"]
[SourceDate "2016.10.10"]
[SourceVersion "1"]
[SourceVersionDate "2016.10.10"]
[SourceQuality "1"]
[WhiteTeam "Kuwait (W)"]
[BlackTeam "Pakistan (W)"]
[WhiteTeamCountry "KUW"]
[BlackTeamCountry "PAK"]

1. e4 d6 2. Nf3 Nf6 3. Nc3 a6 4. Bc4 Bg4 5. 0-0 g6 6. d3 c5 7. Bf4 Nc6 8. Ng5 Bxd1 9. Nxf7 Qb6 10. Nxh8 Bg4 11. Bf7+ Kd7 12. Na4 Qa5 13. b3 Bg7 14. Nxg6 hxg6 15. Bxg6 Nh5 16. Be3 Bxa1 17. Rxa1 Nf6 18. Rd1 b5 19. Bd2 Qc7 20. Nxc5+ dxc5 21. f3 Bxf3 22. gxf3 Rg8 23. e5 Nxe5 24. Kf1 Nxg6 25. c4 b4 26. d4 cxd4 27. Bxb4 Qf4 28. Rd3 Kc6 29. Bxe7 Nxe7 30. a4 Qc1+ 31. Ke2 Rg2# 0-1